| 000 | 02789nam a2200517 i 4500 | ||
|---|---|---|---|
| 003 | EG-GICUC | ||
| 005 | 20260121101439.0 | ||
| 008 | 251207s1925 fr o|||fr|||| 001 0 fre d | ||
| 040 |
_aEG-GiCUC _bfre _cEG-GiCUC _dEG-GiCUC _eRda |
||
| 041 | _afre | ||
| 082 | 0 | 4 |
_221 _a341.1 _bRE |
| 092 | 0 | 4 | _221 |
| 099 | _aLaw1 11 341.1 RE 1925 | ||
| 245 | 0 | 0 |
_aRecueil des cours. _n1923, Tome 1. |
| 264 | 1 |
_aParis : _bHachette, _c1925. |
|
| 300 |
_a658 page : _bPhotographs ; _c24 cm. |
||
| 336 |
_2rda contenu _a texte |
||
| 337 |
_2rda medias _aOrdinateur |
||
| 338 |
_2 transporteur rda _a Ressource en ligne |
||
| 490 | 1 |
_aAcadémie de droit international ; _v1923, t.1. |
|
| 500 | _a"1923 I." | ||
| 500 | _aAt head of title: Académie de droit international. | ||
| 504 | _aIncludes bibliographical references and index. | ||
| 505 |
_aContient les cours de l'Académie y compris : _tIntroduction a l'histoire du droit international / _rpar le Baron S. Korff -- _tDroits et devoirs fondamentaux des états / _rpar Lord Phillimore -- _tLes rapports entre le droit interne et le droit international / _rpar H. Triepel -- _tLes eaux adjacentes au territoire des états / _rpar George Grafton Wilson -- _tQuelques questions relatives a l'extradition / _rpar le baron Albéric Rolin -- _tL'exterritorialité et ses principales applications / _rpar Leo Strisower -- _tLe droit international et les obligations financières internationales qui naissent d'un contrat / _rpar John Fischer Williams -- _tLa protection des minorités / _rpar André Mandelstam -- _tCompétence ou incompétence, des tribunaux à l'égard des états étrangers / _rpar André Weiss -- _tLa médiation et la conciliation internationales / _rpar Fr. de la Barra -- _tL'organisation internationale de la Croix-Rouge / _rpar Eugène Borel. |
||
| 546 | _aTexte en français | ||
| 650 | 1 | 4 |
_aDroit international _2qrmak |
| 650 | 1 | 4 |
_aComité international de la Croix-Rouge _2qrmak |
| 650 | 1 | 4 |
_aDroits de l’homme _2qrmak |
| 650 | 1 | 4 |
_aRelations internationales _2qrmak |
| 651 | 1 | _2qrmak | |
| 700 | 1 |
_aKorf, S. A., _d1876-1924, _eAuteur |
|
| 700 | 1 |
_aTriepel, Heinrich, _d1868-1946, _eAuteur |
|
| 700 | 1 |
_aWilson, George Grafton, _eAuteur _d1863-1951, |
|
| 700 | 1 |
_aRolin, Albéric, _d1843-1937, _eAuteur |
|
| 700 | 1 |
_aStrisower, Leo, _eAuteur |
|
| 700 | 1 |
_aWilliams, John Fischer _d1870-1947, _eAuteur |
|
| 700 | 1 |
_aMandelstam, André N., _d1869-1949, _eAuteur |
|
| 700 | 1 |
_aWeiss, André, _d1858-1928, _eAuteur |
|
| 700 | 1 |
_aBarra, Francisco L. de la, _d1863-1939, _eAuteur |
|
| 700 | 1 |
_aBorel, Eugène, _eAuteur |
|
| 710 | _aACADÉMIE DE DROIT INTERNATIONAL. | ||
| 830 | 0 |
_arecueil des cours ; _v1923, t.1. |
|
| 856 | 4 | 0 | _uhttps://fll.law.cu.edu.eg/fulltext/bks/B11-05193.pdf |
| 905 |
_a75 _eHassnaa |
||
| 942 |
_2ddc _n0 _cBK _e21 |
||
| 999 |
_c48949 _d48949 |
||